Diccionario de ciencias cognitivas: neurociencia, psicología, inteligencia artificial, lingüística y filosofía
Guardado en:
| Autores principales: | , , , , |
|---|---|
| Formato: | Libro |
| Lenguaje: | español |
| Publicado: |
Buenos Aires
Amorrortu
2003
|
| Edición: | 1a. ed |
| Materias: | |
| Etiquetas: |
Agregar Etiqueta
Sin Etiquetas, Sea el primero en etiquetar este registro!
|
MARC
| LEADER | 00000nam a2200000 a 4500 | ||
|---|---|---|---|
| 001 | UCL8042 | ||
| 003 | CL-VaPUC | ||
| 008 | 040611e20030000AG |||||||||||||||||spa|d | ||
| 020 | |a 950518901X | ||
| 082 | 0 | 4 | |a 153 |b HOU |2 21 |
| 100 | 0 | |a Houdé, Olivier |e author |9 485975 | |
| 700 | 0 | |a Kayser, Daniel |e author |9 485976 | |
| 700 | 0 | |a Koenig, Olivier |e author |9 485977 | |
| 700 | 0 | |a Proust, Joëlle |e author |9 485978 | |
| 700 | 0 | |a Rastier, Francois |e author |9 485979 | |
| 245 | 1 | 0 | |a Diccionario de ciencias cognitivas: neurociencia, psicología, inteligencia artificial, lingüística y filosofía |
| 250 | |a 1a. ed | ||
| 300 | |a 497 p | ||
| 942 | |c BK | ||
| 945 | |d 20040611 00:00:00 |a cmena | ||
| 260 | |a Buenos Aires |b Amorrortu |c 2003 | ||
| 650 | 7 | |a CIENCIAS COGNITIVAS |2 CL-VaPUC |9 457589 | |
| 650 | 0 | |a Diccionarios |9 256200 | |
| 650 | 0 | |a Procesos mentales superiores |9 330839 | |
| 650 | 0 | |a Psicología |9 257863 | |
| 650 | 0 | |a Neurociencias |9 424346 | |
| 650 | 7 | |a INTELIGENCIA ARTIFICIAL |2 CL-VaPUC |9 485980 | |
| 583 | |a last modification |c 20040611 00:00:00 |k Rodrigo Vera | ||
| 999 | |c 309528 |d 309526 | ||
| 952 | |0 0 |1 0 |4 0 |6 153_000000000000000_HOU_2003 |7 0 |8 A |9 377031 |a FDOPOS |b BIBEDU |d 2019-11-21 |i 4005538 |l 2 |m 1 |o 153 HOU 2003 |p 4005538 |r 2025-01-22 |s 2022-04-07 |w 2019-11-21 |y BK |k MLA | ||
| 952 | |0 0 |1 0 |4 0 |6 153_000000000000000_HOU_2003 |7 0 |8 A |9 377032 |a FDOPOS |b BIBEDU |d 2019-11-21 |i 431168K |l 1 |o 153 HOU 2003 |p 431168K |r 2025-01-22 |s 2024-12-12 |w 2019-11-21 |y BK |k MLA | ||